000
00205 a2200097 4500
001
32645
100
_a
Ahmad, N
245
_a
The Alexander memoirs
260
_a
London
_b
Cassell
_c
090
_c
21858
_d
21858
942
_a
NUST-CAE
_c
M
_c
13178
999
_c
267718
_d
267718